000 00321nam a2200121Ia 4500
005 20260326100026.0
008 260326s9999||||xx |||||||||||||| ||und||
100 _aTafuri, Manfredo
245 0 _aArquitectura Contemporánea Japonesa /
_cManfredo Tafuri
260 _bPomaire
650 _aARQUITECTURA REGIONAL
942 _cBK
999 _c6396
_d6396